Strategic marketing management (Record no. 1934)

000 -LEADER
fixed length control field 01088cam a2200313 a 4500
001 - CONTROL NUMBER
control field 1578975
003 - CONTROL NUMBER IDENTIFIER
control field OSt
005 - DATE AND TIME OF LATEST TRANSACTION
control field 20150810105848.0
008 - FIXED-LENGTH DATA ELEMENTS--GENERAL INFORMATION
fixed length control field 930204s1993 enka b 001 0 eng
010 ## - LIBRARY OF CONGRESS CONTROL NUMBER
LC control number 93021714
020 ## - INTERNATIONAL STANDARD BOOK NUMBER
International Standard Book Number 9780077092276
040 ## - CATALOGING SOURCE
Original cataloging agency DLC
Transcribing agency DLC
Modifying agency DLC
041 1# - LANGUAGE CODE
Language code of text/sound track or separate title eng
Language code of original and/or intermediate translations of text fre
043 ## - GEOGRAPHIC AREA CODE
Geographic area code e------
050 00 - LIBRARY OF CONGRESS CALL NUMBER
Classification number HF5415.13.L33213 1996
082 00 - DEWEY DECIMAL CLASSIFICATION NUMBER
Classification number 658.8/094
Edition number 20
100 1# - MAIN ENTRY--PERSONAL NAME
Personal name Lambin, Jean-Jacques,
Dates associated with a name 1933-
240 10 - UNIFORM TITLE
Uniform title <a href="Strategic marketing management">Strategic marketing management</a>
Language of a work English
245 10 - TITLE STATEMENT
Title Strategic marketing management
Statement of responsibility, etc Jean-Jacques Lambin.
260 ## - PUBLICATION, DISTRIBUTION, ETC. (IMPRINT)
Place of publication, distribution, etc London ;
-- New York :
Name of publisher, distributor, etc McGraw-Hill,
Date of publication, distribution, etc c1993.
300 ## - PHYSICAL DESCRIPTION
Extent xiv, 692 p. :
Other physical details ill. ;
Dimensions 24 cm.
490 1# - SERIES STATEMENT
Series statement McGraw-Hill marketing for professionals series
504 ## - BIBLIOGRAPHY, ETC. NOTE
Bibliography, etc Includes bibliographical references and indexes.
650 #0 - SUBJECT ADDED ENTRY--TOPICAL TERM
Topical term or geographic name as entry element Marketing
Geographic subdivision Europe
General subdivision Management.
830 #0 - SERIES ADDED ENTRY--UNIFORM TITLE
Uniform title McGraw-Hill marketing for professionals.
906 ## - LOCAL DATA ELEMENT F, LDF (RLIN)
a 7
b cbc
c orignew
d 1
e ocip
f 19
g y-gencatlg
942 ## - ADDED ENTRY ELEMENTS (KOHA)
Source of classification or shelving scheme
Koha item type Book
Holdings
Withdrawn status Lost status Source of classification or shelving scheme Damaged status Not for loan Home library Current library Shelving location Date acquired Total Checkouts Full call number Barcode Date last seen Copy number Price effective from Koha item type
          Riara University Library Riara University Library General stack 10/08/2015   HF5415.13.L33213 1996 5814/15 10/08/2015 C.1 10/08/2015 Book

Riara University Library,
P.O. Box 49940-00100,
Nairobi, Kenya.